A Lã e a Neve (Registo nº 76786)

Detalhes MARC
000 -Etiqueta do registo
campo de controlo de comprimento fixo 00265 a2200109 4500
001 - Identificador do registo
Campo de controlo 76786
005 - Identificador da versão
Campo de controlo 20260522142430.0
100 ## - Dados Gerais de Proc.
Dados gerais de processamento 20260522 pory50
200 ## - Título
Título próprio A Lã e a Neve
Primeira menção de responsabilidade Ferreira de Castro
210 ## - Publicação, Distribuição
Nome do editor, distribuidor, etc. Círculo de Leitores
Data da publicação, distribuição, etc. 1985
090 ## - Números de controlo do sistema (Koha)
Número biblioitem do Koha (gerado automaticamente) 76786
942 ## - Elementos de entrada adicionados (Koha)
Tipo de item no Koha Monografias

Não há exemplares disponíveis.